000 00443nam a2200169Ia 4500
001 11724
005 20260306162849.0
008 260306t9999||||xx |||||||||||||| ||spa||
041 _aESP
082 _aHR 027.985
_bJUN 2025 ARA
110 _aArchivo Regional de Arequipa
245 0 _aARA :
_brevista del Archivo Regional de Arequipa, 65 aniversario n° 3
300 _a
_c
650 _aGEN
654 _aCHU
942 _cREV
_dJUS
_fJUS
_2ddc
_n
999 _c11724
_d11724